Normal view MARC view

Entry Personal Name

Number of records used in: 2

001 - CONTROL NUMBER

  • control field: 57803

003 - CONTROL NUMBER IDENTIFIER

  • control field: dpl

005 - DATE AND TIME OF LATEST TRANSACTION

  • control field: 20231012161745.0

008 - FIXED-LENGTH DATA ELEMENTS

  • fixed length control field: 231012|| aca||aabn | a|a d

040 ## - CATALOGING SOURCE

  • Original cataloging agency: dpl
  • Transcribing agency: dpl

100 ## - HEADING--PERSONAL NAME

  • Personal name: ठाकरान,सुरेश

670 ## - SOURCE DATA FOUND

  • Source citation: Work cat.: (dpl)195788: ठाकरान,सुरेश, लोकतंत्र का चीरहरण :कल आज और कल आध्यात्म-राजनीति /, 2016

© Delhi Public Library
Hit Counter
free hit counter